000 00721nam a22001337a 4500
040 _cRUA
082 _aAGR MON 2015 B519 Or.1
100 _aMON DA; ម៉ុន ដា
245 _aEffect of hill spacings on growth and yield of pha rumduol rice variety in wet season at chhouk district, kampot province; ឥទ្ធិពលចន្លោះគុម្ពទៅលើការលូតលាស់ និងទិន្នផលស្រូវផ្ការំដួលក្នុងលក្ខខណ្ឌរដូវវស្សាក្នុងស្រុកឈូក ខេត្តកំពត
260 _aPhnom Penh
_bRUA
_c2015
300 _axii; 34p;
_biil;
_c29cm;
856 _uMON DA
942 _cAGR
999 _c10745
_d10745